Statistieken voor Landen het minst getroffen door Coronavirus

Klik hier om de quiz te nemen!

Algemene statistieken

  • Deze quiz is 17 keer genomen
  • De gemiddelde score is 14 van 30

Antwoordstatistieken

BesmettingenDodenLand% Correct
5.08224Kiribati
79%
16.09817Marshalleilanden
79%
290Vaticaanstad
79%
9.106146Antigua en Barbuda
71%
9.109161Comoren
71%
5.3931Nauru
71%
6.1609Palau
71%
6.60748Saint Kitts en Nevis
71%
9.631124Saint Vincent en de Grenadines
71%
16.81913Tonga
71%
16.85267Monaco
64%
6.58980Sao Tomé en Principé
64%
2.9431Tuvalu
64%
12.01914Vanuatu
64%
16.77531Samoa
57%
15.76074Dominica
50%
15.690189Djibouti
43%
10.189103Eritrea
36%
7.701194Tsjaad
36%
15.368113Centraal Afrikaanse Republiek
29%
12.626372Gambia
29%
9.931312Niger
29%
18.368138Zuid-Soedan
29%
17.229183Equatoriaal Guinea
21%
9.614177Guinee-Bissau
21%
11.9452.159Jemen
21%
7.762126Sierra Leone
21%
18.491225Nicaragua
14%
8.090295Liberia
7%
17.786125Tadzjikistan
0%

Scoreverdeling

Percentiel versus Aantal Correcte Antwoorden

Procent van Mensen met Elke Score

Uw Scoregeschiedenis

U heeft deze quiz nog niet genomen